000 00458nam a2200145Ia 4500
003 OSt
005 20260121111919.0
008 211028s2014 xx 000 0 und d
040 _cAIMIT LIBRARY
041 _aeng
100 _aChowdary, Swati M; Kudtarkar, Ravi.
_g1216144
_97254
245 _aCustomer perception on hero splendor plus: a case study with reference to Lakmi motors Bellary /
260 _aMangalore
_bRavi Kudtarkar
_c2014
942 _2ddc
_cPRO
999 _c218824
_d218824